000
00237nam a2200085Ia 4500
008
200302s9999 xx 000 0 und d
100
_a
Rachel Rubin wolf
245
_a
Splash 5 Best of Watercolor the Glory of Color
260
_b
North Light Books
999
_c
1843
_d
1843